000 00529nam a2200217Ia 4500
003 OSt
005 20220926041821.0
006 a|||||r|||| 00| 0
007 ta
008 220923b |||||||| |||| 00| 0 eng d
037 _cGeneral Book
040 _aRTL
_cRTL
_beng
041 _2eng
_aeng
082 _aW, J7
100 _aWatson George Ed.
_952530
245 0 _aUnservile state
260 _c1957
650 _aPolitical Science
942 _hW, J7
_cGB
_2CC
999 _c668135
_d668135